Such a long journey / (Record no. 26119)
[ view plain ]
| 000 -LEADER | |
|---|---|
| fixed length control field | 00751nam a22002297a 4500 |
| 005 - DATE AND TIME OF LATEST TRANSACTION | |
| control field | 20190702165724.0 |
| 010 ## - LCCN (DPL NO) | |
| LC control number | B-285014 , B-215865 |
| 020 ## - INTERNATIONAL STANDARD BOOK NUMBER | |
| International Standard Book Number | 0571218806 |
| Terms of availability | 275.00 |
| 020 ## - INTERNATIONAL STANDARD BOOK NUMBER | |
| International Standard Book Number | 9780571218806 |
| Terms of availability | 275.00 |
| 035 ## - SYSTEM CONTROL NUMBER | |
| System control number | B-285014, B-215846, B-215865,B-215862 |
| 035 ## - SYSTEM CONTROL NUMBER | |
| System control number | B-215866 |
| 035 ## - SYSTEM CONTROL NUMBER | |
| System control number | B-215852 |
| 037 ## - SOURCE OF ACQUISITION | |
| Source of stock number/acquisition | UBH (Vender) |
| 082 ## - DEWEY DECIMAL CLASSIFICATION NUMBER | |
| Classification number | N |
| 100 ## - MAIN ENTRY--PERSONAL NAME | |
| Personal name | Mistry, Rohinton |
| 245 ## - TITLE STATEMENT | |
| Title | Such a long journey / |
| Statement of responsibility, etc | by Rohinton Mistry |
| 260 ## - PUBLICATION, DISTRIBUTION, ETC. (IMPRINT) | |
| Place of publication, distribution, etc | London |
| Name of publisher, distributor, etc | Faber and Faber |
| Date of publication, distribution, etc | 1992 |
| 270 ## - ADDRESS | |
| Address | 3 Queen Square |
| City | London |
| Postal code | WC1N 3AU |
| 300 ## - PHYSICAL DESCRIPTION | |
| Extent | 339p. |
| Dimensions | 20cm. (pbk) |
| 942 ## - ADDED ENTRY ELEMENTS (KOHA) | |
| Source of classification or shelving scheme | Dewey Decimal Classification |
| Item type | English Books |
| Classification part | N |
| Call number suffix | MIS |
| Withdrawn status | Lost status | Not for loan | Collection code | Home library | Current library | Date acquired | Source of acquisition | Cost, normal purchase price | Full call number | Barcode | Copy number | Cost, replacement price | Koha item type |
|---|---|---|---|---|---|---|---|---|---|---|---|---|---|
| Fiction | Patel Nagar | Patel Nagar | 06/07/2018 | BPPD/Pub | 0.00 | N MIS | B-215846 | 0.00 | English Books | ||||
| Non-fiction | Qila Rai Pithora | Qila Rai Pithora | 01/01/2019 | Penguin Books Pvt Ltd | 275.00 | N MIS | B-215866 | 275.00 | English Books | ||||
| Fiction | R.C.Libraries (zls) | R.C.Libraries (zls) | 09/11/2018 | N MIS | B-215865 | 1 | English Books | ||||||
| Fiction | R.K.Puram-8 | R.K.Puram-8 | 02/07/2019 | BPPD/Purchase | 275.00 | N MIS | B-215852 | 1 | 275.00 | English Books | |||
| Fiction | Sarojini Nagar | Sarojini Nagar | 17/12/2018 | N MIS | B-215864 | English Books | |||||||
| Fiction | Vigyan Vihar | Vigyan Vihar | 07/03/2019 | BPPD/PUB | 275.00 | N MIS | B-215862 | 275.00 | English Books | ||||
| Fiction | Vinoba Puri | Vinoba Puri | 06/05/2009 | UBH/143/25.8.08/187/21.7.08/29.8.08 | 275.00 | N MIS | B-285014 | 1 | 275.00 | English Books |
